Sudden Death: Highest Elevation Countries - Statistics

General Stats
  • This quiz has been taken 825 times
    190 since last reset
  • The average score is 3 of 15
Answers on the Grid
Answers color-coded by a green-red scale on the quiz's grid according to % correct below.
Afghanistan
Andorra
Angola
Armenia
Bhutan
Bolivia
Botswana
Burundi
Chile
China
Ecuador
Ethiopia
Georgia
Iran
Kyrgyzstan
Lebanon
Lesotho
Mexico
Mongolia
Montenegro
Namibia
Nepal
Peru
Rwanda
South Africa
Switzerland
Taiwan
Tajikistan
Tanzania
Turkey
Uganda
Zambia
 
Answer Stats
Answer % Correct
Bhutan
53%
Nepal
49%
Andorra
42%
Afghanistan
34%
Chile
31%
China
20%
Lesotho
20%
Kyrgyzstan
18%
Tajikistan
18%
Peru
14%
Armenia
11%
Rwanda
7%
Georgia
6%
Mongolia
6%
Burundi
3%
No matching quizzes found
Score Distribution
Percent of People with Each Score
Percentile by Number Answered
Your Score History
You have not taken this quiz since the last reset